000 00556nam a2200169Ia 4500
003 GCL
008 140319s9999 xx 000 0 ara d
040 _aGCL /
_cGCL
082 0 4 _a216
_bا ك
100 1 _aاحمد محمد شاكر
245 1 0 _aالكتاب والسنة يجب ان يكونا مصدر القوانين فى مصر /
_cاحمد محمد شاكر
260 _a[S.N] :
_bمكتبة السنة للنشر والتوزيع ،
_c1986
300 _a100 ص
490 _a
650 0 4 _aالشريعة الاسلامية
942 _2ddc
_cBK
999 _c55413
_d55413